| 000 | 00640nam a2200229Ia 4500 | ||
|---|---|---|---|
| 003 | OSt | ||
| 005 | 20220928102213.0 | ||
| 006 | a|||||r|||| 00| 0 | ||
| 007 | ta | ||
| 008 | 220927b |||||||| |||| 00| 0 eng d | ||
| 024 | _a42134 | ||
| 037 | _cTextual | ||
| 040 |
_aSDCL _cSDCL _beng |
||
| 041 |
_2eng _aeng |
||
| 082 | _aXM8.2'N7, M0 | ||
| 100 |
_aMalgonkar Manohar _9397112 |
||
| 245 | 0 |
_aCue from the inner voice _b The choice before big business |
|
| 260 |
_aNew Delhi _bVikas Publishing _c1980 |
||
| 300 |
_a147p _ccm. |
||
| 942 |
_hXM8.2'N7, M0 _cTEXL _2CC |
||
| 999 |
_c712900 _d712900 |
||